Fifa 09 Player Overall 85+ - Statistiken

Allgemein
  • Dieses Quiz wurde 50 mal gespielt
  • Das Durchschnittsergebnis liegt bei 48 aus 72
Antwortstatistiken
Overall Verein Position Nationalität Alter Antwort % Korrekt
90 Manchester United RW Portugal 23 Cristiano Ronaldo
100%
88 FC Bayern München LM Frankreich 25 Franck Ribery
100%
90 Juventus Turin GK Italien 30 Gianluigi Buffon
100%
91 Real Madrid GK Spanien 27 Iker Casillas
100%
90 FC Barcelona RW Argentinien 21 Lionel Messi
100%
88 FC Liverpool CM England 28 Steven Gerrard
100%
89 Inter Mailand ST Schweden 26 Zlatan Ibrahimovic
100%
88 FC Liverpool ST Spanien 24 Fernando Torres
98%
88 FC Barcelona CB Spanien 30 Carles Puyol
95%
87 FC Bayern München RWB Deutschland 24 Philipp Lahm
95%
87 FC Barcelona ST Kamerun 27 Samuel Eto'o
95%
87 FC Barcelona CM Spanien 28 Xavi
95%
86 Real Madrid LM Niederlande 24 Arjen Robben
93%
89 AC Milan CAM Brasilien 26 Kaka
93%
88 FC Chelsea GK Tschechien 26 Petr Cech
93%
85 FC Barcelona CM Spanien 24 Andres Iniesta
91%
87 FC Chelsea CAM England 30 Frank Lampard
91%
87 Manchester United CF England 22 Wayne Rooney
91%
87 FC Arsenal CM Spanien 21 Cesc Fabregas
88%
87 Valencia CF ST Spanien 26 David Villa
88%
86 FC Bayern München ST Italien 31 Luca Toni
88%
87 AC Milan CM Italien 29 Andrea Pirlo
86%
86 FC Bayern München CB Brasilien 30 Lucio
81%
85 FC Chelsea CAM Deutschland 31 Michael Ballack
81%
86 Manchester United CB England 29 Rio Ferdinand
81%
86 Manchester United ST Bulgarien 27 Dimitar Berbatov
79%
86 FC Chelsea CB England 27 John Terry
79%
85 FC Chelsea ST Elfenbeinküste 30 Didier Drogba
77%
87 Manchester United CB Serbien 26 Nemanja Vidic
77%
85 SV Werder Bremen CAM Brasilien 23 Diego
74%
87 AS Roma CF Italien 31 Francesco Totti
74%
87 Manchester City LW Brasilien 24 Robinho
74%
86 Real Madrid CAM Niederlande 24 Wesley Sneijder
74%
85 FC Arsenal CF Niederlande 23 Robin van Persie
72%
85 AC Milan LF Brasilien 28 Ronaldinho
72%
88 AC Milan CB Italien 32 Alessandro Nesta
70%
85 FC Chelsea CM Ghana 25 Michael Essien
70%
85 AS Roma CDM Italien 24 Daniele de Rossi
67%
85 Manchester United GK Niederlande 37 Edwin van der Sar
67%
86 Juventus Turin CB Italien 23 Girogio Chiellini
67%
85 FC Bayern München CB Argentinien 27 Martin Demichelis
67%
85 Real Madrid ST Niederlande 31 Ruud van Nistelrooy
67%
85 Manchester United CF Argentinien 24 Carlos Tevez
65%
85 FC Arsenal CB Elfenbeinküste 27 Kolo Toure
65%
86 Juventus Turin ST Frankreich 30 David Trezeguet
63%
85 Olympique Lyon ST Frankreich 20 Karim Benzema
63%
85 Bayer 04 Leverkusen GK Deutschland 23 Rene Adler
60%
87 Juventus Turin CF Italien 33 Alessandro del Piero
58%
86 FC Barcelona RWB Brasilien 25 Dani Alves
58%
87 Inter Mailand GK Brasilien 28 Julio Cesar
58%
85 Valencia CF LM Spanien 22 David Silva
53%
85 Manchester United CM England 33 Paul Scholes
53%
85 FC Chelsea CAM Portugal 30 Deco
51%
85 ZSKA Moskau GK Russland 22 Igor Akinfeev
49%
86 Inter Mailand RWB Argentinien 34 Javier Zanetti
47%
86 Udinese Calcio LF Italien 30 Antonio di Natale
44%
85 FC Liverpool CDM Argentinien 24 Javier Mascherano
44%
85 Inter Mailand RWB Brasilien 26 Maicon
44%
85 Real Madrid CAM Niederlande 25 Rafael van der Vaart
44%
86 Boca Juniors CAM Argentinien 30 Juan Riquelme
35%
85 FC Liverpool CB England 30 Jamie Carragher
30%
85 Inter Mailand CB Argentinien 30 Walter Samuel
30%
85 FC Arsenal CM Togo 24 Emmanuel Adebayor
28%
86 Juventus Turin RM Italien 31 Mauro Camoranesi
28%
85 Sampdoria Genua CF Italien 25 Antonio Cassano
26%
86 Inter Mailand CB Argentinien 27 Esteban Cambiasso
23%
85 Estudiantes de La Plata CM Argentinien 33 Juan Veron
23%
87 Fiorentina GK Frankreich 28 Sebastien Frey
23%
85 Sevilla FC ST Brasilien 27 Luis Fabiano
19%
85 Inter Mailand LB Rumänien 27 Christian Chivu
14%
85 Girondins Bordeaux CAM Frankreich 21 Yoann Gourcuff
14%
85 Juventus Turin ST Brasilien 28 Amauri
5%
Keine übereinstimmenden Quizze gefunden
Verteilung der Resultate
Anzahl Personen mit jedem Resultat
Perzentil nach korrekt beantworteten Fragen
Ihre Resultats-Entwicklung
Sie haben dieses Quiz noch nicht gespielt